<?xml version="1.0" encoding="UTF-8"?>
<record
    xmlns:xsi="http://www.w3.org/2001/XMLSchema-instance"
    xsi:schemaLocation="http://www.loc.gov/MARC21/slim http://www.loc.gov/standards/marcxml/schema/MARC21slim.xsd"
    xmlns="http://www.loc.gov/MARC21/slim">

  <leader>02349cam a2200337   4500500</leader>
  <controlfield tag="005">20251228072548.0</controlfield>
  <datafield tag="041" ind1=" " ind2=" ">
    <subfield code="a">fre</subfield>
  </datafield>
  <datafield tag="042" ind1=" " ind2=" ">
    <subfield code="a">dc</subfield>
  </datafield>
  <datafield tag="100" ind1="1" ind2="0">
    <subfield code="a">Bertrand, Val&#xE9;rie</subfield>
    <subfield code="e">author</subfield>
  </datafield>
  <datafield tag="700" ind1="1" ind2="0">
    <subfield code="a">Blanquet, Brigitte</subfield>
    <subfield code="e">author</subfield>
  </datafield>
  <datafield tag="245" ind1="0" ind2="0">
    <subfield code="a">De l&#x2019;espace ouvert &#xE0; l&#x2019;espace habit&#xE9;. &#xC9;tude d&#x2019;un dispositif groupal &#xE0; m&#xE9;diation d&#xE9;di&#xE9; &#xE0; des sujets en situation d&#x2019;errance</subfield>
  </datafield>
  <datafield tag="260" ind1=" " ind2=" ">
    <subfield code="c">2021.
							</subfield>
  </datafield>
  <datafield tag="500" ind1=" " ind2=" ">
    <subfield code="a">76</subfield>
  </datafield>
  <datafield tag="520" ind1=" " ind2=" ">
    <subfield code="a">Cet article t&#xE9;moigne d&#x2019;une double r&#xE9;flexion de psychosociologue et de psychologue clinicienne sur la probl&#xE9;matique d&#x2019;un public dit &#xAB;&#xA0;exclus&#xA0;&#xBB;. Les auteures interrogent les effets d&#x2019;un dispositif groupal &#xE0; m&#xE9;diation, un atelier d&#x2019;&#xE9;criture au sein d&#x2019;un centre d&#x2019;h&#xE9;bergement et d&#x2019;orientation, d&#xE9;di&#xE9; &#xE0; des hommes sans domicile fixe. Elles proposent un am&#xE9;nagement du cadre suffisant en prenant en compte le mouvement libertaire de ces sujets errants.</subfield>
  </datafield>
  <datafield tag="520" ind1=" " ind2=" ">
    <subfield code="a">This article presents the combined reflections of a psychosociologist and a clinical psychologist on the problem of a &#x201C;public&#x201D; said to be excluded. The authors look at the effects of a mediation group setting, namely, a writing workshop within a centre providing shelter and orientation for homeless men. They propose a sufficient variation in the setting, taking into account the libertarian movement of these errant subjects.</subfield>
  </datafield>
  <datafield tag="520" ind1=" " ind2=" ">
    <subfield code="a">Este art&#xED;culo testimonia la doble reflexi&#xF3;n de psicosoci&#xF3;logo y psic&#xF3;logo cl&#xED;nico sobre la problem&#xE1;tica de un p&#xFA;blico denominado &#x201C;excluido&#x201D;. Las autoras examinan los efectos de un dispositivo de mediaci&#xF3;n grupal, un taller de escritura en un centro de acogida y orientaci&#xF3;n para hombres sin hogar. Proponen una reorganizaci&#xF3;n del marco adecuado que tenga en cuenta el movimiento libertario de estos sujetos errantes.</subfield>
  </datafield>
  <datafield tag="690" ind1=" " ind2=" ">
    <subfield code="a">dispositif</subfield>
  </datafield>
  <datafield tag="690" ind1=" " ind2=" ">
    <subfield code="a">&#xE9;criture</subfield>
  </datafield>
  <datafield tag="690" ind1=" " ind2=" ">
    <subfield code="a">Errance</subfield>
  </datafield>
  <datafield tag="690" ind1=" " ind2=" ">
    <subfield code="a">exclusion</subfield>
  </datafield>
  <datafield tag="690" ind1=" " ind2=" ">
    <subfield code="a">groupe</subfield>
  </datafield>
  <datafield tag="690" ind1=" " ind2=" ">
    <subfield code="a">m&#xE9;diation</subfield>
  </datafield>
  <datafield tag="690" ind1=" " ind2=" ">
    <subfield code="a">Errant</subfield>
  </datafield>
  <datafield tag="690" ind1=" " ind2=" ">
    <subfield code="a">exclusion</subfield>
  </datafield>
  <datafield tag="690" ind1=" " ind2=" ">
    <subfield code="a">group</subfield>
  </datafield>
  <datafield tag="690" ind1=" " ind2=" ">
    <subfield code="a">mediation</subfield>
  </datafield>
  <datafield tag="690" ind1=" " ind2=" ">
    <subfield code="a">setting</subfield>
  </datafield>
  <datafield tag="690" ind1=" " ind2=" ">
    <subfield code="a">writing</subfield>
  </datafield>
  <datafield tag="786" ind1="0" ind2=" ">
    <subfield code="n">Revue de psychoth&#xE9;rapie psychanalytique de groupe | 77 | 2 | 2021-11-26 | p. 177-189 | 0297-1194</subfield>
  </datafield>
  <datafield tag="856" ind1="4" ind2="1">
    <subfield code="u">https://shs.cairn.info/revue-de-psychotherapie-psychanalytique-de-groupe-2021-2-page-177?lang=fr&amp;redirect-ssocas=7080</subfield>
  </datafield>
  <datafield tag="999" ind1=" " ind2=" ">
    <subfield code="c">1594242</subfield>
    <subfield code="d">1594242</subfield>
  </datafield>
</record>
